Largest U.S. Cities by Letter Quiz Stats

 Plays Quiz not verified by Sporcle

Score 0/26 Timer 08:00
0 Plays Today
Letter City % Correct
NNew York, NY
97.6%
LLos Angeles, CA
96%
BBoston, MA
93.5%
CChicago, IL
93.5%
HHouston, TX
91.9%
DDallas, TX
90.3%
PPhoenix, AZ
85.5%
AAustin, TX
84.7%
SSan Antonio, TX
83.9%
WWashington, DC
83.1%
IIndianapolis, IN
81.5%
JJacksonville, FL
78.2%
KKansas City, MO
73.4%
Letter City % Correct
MMemphis, TN
71%
OOklahoma City, OK
69.4%
RRaleigh, NC
62.9%
EEl Paso, TX
62.1%
FFort Worth, TX
61.3%
TTucson, AZ
55.6%
VVirginia Beach, VA
50.8%
QQuincy, MA
50%
YYonkers, NY
48.4%
GGreensboro, NC
35.5%
XXenia, OH
32.3%
ZZion, IL
22.6%
UUnion City, CA
18.5%

You're not logged in!

Compare scores with friends on all Sporcle quizzes.
OR
Log In

Show Comments

Extras

Created Nov 22, 2010ReportNominate
Tags:City Quiz, Letter Quiz, largest

Top Quizzes Today


Score Distribution

Your Account Isn't Verified!

In order to create a playlist on Sporcle, you need to verify the email address you used during registration. Go to your Sporcle Settings to finish the process.

Report this User

Report this user for behavior that violates our Community Guidelines.

Details: